000
00284nam a2200121Ia 4500
008
191201s2015 xx 000 0 und d
100
_a
SHARMA, Sanjay
245
0
_a
Elements of Computer Networks
260
_b
katson
_c
2015
300
_a
476
650
_a
B.Tech(CSE)
942
_2
ddc
_c
BK
999
_c
6854
_d
6854